00858 2200325 4500001002100000005001500021035002000036245008000056100001900136250000600155300003500161700001300196260003900209082001200248084001800260020001800278650003200296990001700328990001700345990001700362990001700379990001700396990001700413990001700430990001700447990001700464990001700481990001700498990001700515INLIS00000000000022120180919013426 a0010-09180000751 aSelayang Pandang Kalimantan Selatan /cTammi Prastowo; Ilustrator, Sugianta0 aTammi Prastowo a- aiv, 60 hlm. :bilus. ;c21 cm.0 aSugianta aKlaten :bPT Intan Pariwara,c2008 a911.598 a911.598 TAM s a979-28-0450-8 aGeografi Historis Indonesia a00945/P/2018 a00946/P/2018 a00947/P/2018 a00942/P/2018 a00946/P/2018 a00947/P/2018 a00943/P/2018 a00942/P/2018 a00947/P/2018 a00944/P/2018 a00942/P/2018 a00943/P/2018